Central Library OPAC University of Rajshahi

Development planning : (Record no. 52601)

MARC details
000 -LEADER
fixed length control field 00725nam a2200241 a 4500
001 - CONTROL NUMBER
control field 52601
003 - CONTROL NUMBER IDENTIFIER
rucl marc code BD-RjUL
005 - DATE AND TIME OF LATEST TRANSACTION
control field 20211209075831.0
008 - FIXED-LENGTH DATA ELEMENTS--GENERAL INFORMATION
fixed length control field 160922r19701966enka b 000 0 eng
020 ## - INTERNATIONAL STANDARD BOOK NUMBER
International Standard Book Number 0043300480
035 ## - SYSTEM CONTROL NUMBER
System control number (BD-RjUL)52721
040 ## - CATALOGING SOURCE
Modifying agency UPvMRC
Original cataloging agency BD-RjUL
Language of cataloging eng
Transcribing agency BD-RjUL
041 ## - LANGUAGE CODE
Language code of text/sound track or separate title eng
082 ## - DEWEY DECIMAL CLASSIFICATION NUMBER
Classification number 338.9
Edition number 23
Author mark and year LED 1970
100 1# - MAIN ENTRY--PERSONAL NAME
Personal name Lewis, W. Arthur
Fuller form of name (William Arthur),
Dates associated with a name 1915-1991.
9 (RLIN) 157319
245 10 - TITLE STATEMENT
Title Development planning :
Remainder of title the essentials of economic policy /
Statement of responsibility, etc. by W. Arthur Lewis.
260 ## - PUBLICATION, DISTRIBUTION, ETC. (IMPRINT)
Place of publication, distribution, etc. London :
Name of publisher, distributor, etc. Allen & Unwin,
Date of publication, distribution, etc. 1966 [impression 1970]
300 ## - PHYSICAL DESCRIPTION
Pagination 278 p. ;
Size 23 cm.
500 ## - GENERAL NOTE
General note Includes Index
650 #0 - SUBJECT ADDED ENTRY--TOPICAL TERM
Topical term or geographic name as entry element Economic policy.
9 (RLIN) 157320
942 ## - ADDED ENTRY ELEMENTS (KOHA)
Source of classification or shelving scheme Dewey Decimal Classification
Koha item type Books
Holdings
Lost status Source of classification or shelving scheme Damaged status Not for loan Collection code Permanent Location Current Location Shelving location Date acquired Source of acquisition Total Checkouts Full call number Date last seen Copy number Koha item type
  Dewey Decimal Classification     Non-fiction Central Library, University of Rajshahi Central Library, University of Rajshahi   07/02/1973 Britain, gift   338.9 LED 1970 22/09/2016 C-2 Books